000
00331nam a22001577a 4500
003
SGT
020
_a
9788195175031
082
_a
616.5
_b
D21G
100
_a
GUPTA, RAMJI
245
_a
TB. OF DERMATOLOGY
250
_a
4TH
260
_a
INDIA
_b
INNOVATIVE PUB
_c
2021
300
_a
222
650
_a
DERMATOLOGY
942
_2
ddc
_c
BK
999
_c
26340
_d
26340